000 00441nam a2200145 i 4500
001 86069
003 ES-MaACL
007 t|
008 041207m19001999xxk ||||1| eng d
100 1 _aKerenskii, Aleksandr Fiodorovich.
_967892
245 1 4 _aThe prelude to Bolshevism
_b: the kormilov rebellion /
_cby Kerensky, A. F.
260 _aLondon :
_bT. Fisher Unwin,
_c[19--?]
300 _a318 p., 1 lám. ;
_c23 cm.
852 _aES-MaACL
_jG-4146
999 _c86069
_d86069